000 00283nam a22001217a 4500
008 240711b |||||||| |||| 00| 0 eng d
100 _aDeepchand
_916867
245 _aMajedar Kahaniyu
260 _bNavjiven;
_c1960.
300 _a80p.
700 _aTrilok Chand
_916868
942 _cBK
999 _c40003
_d40003